000 00307nam a2200121Ia 4500
008 240731s9999 xx 000 0 und d
022 _a1478-0895
245 0 _aQualitative Research in Psychology
260 _bRoutledge
856 _uhttps://www.tandfonline.com/loi/uqrp20
942 _2ddc
942 _cTFEJ
999 _c79099
_d79099
945 _a1
_bMadushi Gamage
_c1
_dMadushi Gamage